000 00449nam a2200145Ia 4500
008 100204s9999 xx 000 0 und d
082 _b13097
100 _aशिरवळकर सुहास
245 _aथरारक
260 _b"मधुवन ग्रंथ प्रकाशन , मुंबइ्रर् 69"
_c1985 2
300 _a250
630 _aथरारक
730 _aथरारक
942 _cBOOK
999 _c457529
_d457526